Statistiques concernant Culture Générale - Série 314

Cliquez ici pour prendre le quiz!

Statistiques générales

  • Ce quiz a été pris 176 fois
  • Le résultat moyen est 6 sur 10

Statistiques - réponses

QuestionRéponse% Correct
De quel condiment Dijon est-elle considérée comme la capitale ?La moutarde
99%
Quel fleuve français a pour nom la même voyelle répétée deux fois ?L'Aa
82%
Dans quel art Felix Mendelssohn s'est-il illustré ?La musique
80%
Avec quel fruit pilé confectionne-t-on les macarons nature ?L'amande
65%
Qu'est-ce qui est associé au crime dans un roman de Dostoïevski ?Le châtiment
63%
De quel pays sont les joueurs de foot surnommés "Bafana Bafana" ?L'Afrique du Sud
55%
De quel domaine scientifique Haroun Tazieff était-il spécialiste ?La volcanologie
52%
De quelle plante potagère le brocoli est-il une variété ?Le chou-fleur
50%
Aux Etats-Unis, quel bâtiment abrite le Sénat ?Le Capitole
48%
Quel compte le Livret de développement durable a-t-il remplacé ?Le Codevi
16%

Distribution des résultats

Percentile par nombre de réponses

% des personnes avec chaque résultat

Votre développement - résultats

Vous n’avez pas pris ce quiz